000 02810cam a22002174a 4500
005 20251209152215.0
008 250528s ||||||||||||||||||||||||d
035 _a23220
020 _a9789605862510
040 _aGR-AtMCL
_bgre
_dGR-AtMCL
_eAACR2
245 1 _aΒιώσιμη Τουριστική Ανάπτυξη και Περιβάλλον
250 _a
260 _bΚριτική,
_c2019
300 _a296
520 _aΤο βιβλίο αυτό επιδιώκει να συμβάλει στον επιστημονικό διάλογο για τα θέματα ανάπτυξης του τουρισμού στη χώρα μας, εστιάζοντας ιδιαίτερα στις Προϋποθέσεις ανάπτυξης ενός βιώσιμου τουρισμού, με σεβασμό στο περιβάλλον, την κοινωνική δομή και τον πολιτισμό. Πρόλογος, Τουριστική Ανάπτυξη: Εννοιολογικές Οριοθετήσεις και Ζητήματα Ανάλυσης, Παράγοντες Διαμόρφωσης των Προτύπων Τουριστικής Ανάπτυξης, Πρότυπα Τουριστικής Ανάπτυξης: Παράμετροι Συγκρότησης των Διαφορετικών Προτύπων, Σχεδιασμός και Διαχείριση της Τουριστικής Ανάπτυξης, Τουριστικοί Προορισμοί και Τοπική Διακυβέρνηση: Παράγοντες Συγκρότησης και Ζητήματα Βιωσιμότητας, Τουρισμός και Περιβάλλον, Επιπτώσεις του Τουρισμού στο Φυσικό Περιβάλλον, Επιπτώσεις του Τουρισμού στο Δομημένο Περιβάλλον, Πολιτικές για τον Τουρισμό και το Περιβάλλον, Περιβαλλοντικά Προβλήματα και Πολιτικές σε Χαρακτηριστικές Τουριστικές Περιοχές, Βιώσιμη Τουριστική Ανάπτυξη στα Νησιά, Τουρισμος και Κλιματική Αλλαγή: Σύγχρονες Περιβαλλοντικές Προκλήσεις, Φορείς και Μέσα Άσκησης Πολιτικής για τον Τουρισμό, Σχεδιασμός για τον Τουρισμό και το Περιβάλλον, Ανάπτυξη του Τουρισμού και Κύρια Θέματα Ανάλυσης και Τάσεις της Έρευνας τα Επόμενα Χρόνια, Γενική Βιβλιογραφία.
700 1 _aΚοκκώσης, Χάρης
_98803
700 1 _aΤσάρτας Πάρις
942 _cBK
999 _c8249
_d8249